Les assistants volontaires : une dynamique renouvelée à l'Arche (notice n° 1667367)
[ vue normale ]
| 000 -LEADER | |
|---|---|
| fixed length control field | 01224cam a2200217 4500500 |
| 005 - DATE AND TIME OF LATEST TRANSACTION | |
| control field | 20260222003301.0 |
| 041 ## - LANGUAGE CODE | |
| Language code of text/sound track or separate title | fre |
| 042 ## - AUTHENTICATION CODE | |
| Authentication code | dc |
| 100 10 - MAIN ENTRY--PERSONAL NAME | |
| Personal name | Pillet, Erik |
| Relator term | author |
| 245 00 - TITLE STATEMENT | |
| Title | Les assistants volontaires : une dynamique renouvelée à l'Arche |
| 260 ## - PUBLICATION, DISTRIBUTION, ETC. | |
| Date of publication, distribution, etc. | 2014.<br/> |
| 500 ## - GENERAL NOTE | |
| General note | 64 |
| 520 ## - SUMMARY, ETC. | |
| Summary, etc. | L’originalité du fonctionnement d’un établissement de l’Arche tient à sa dimension communautaire et au « vivre ensemble » qui, vécus à côté de la dimension professionnelle, interrogent la notion de « juste distance » souvent évoquée dans la relation entre l’aidant et l’aidé. Dans les communautés de l’Arche, des jeunes volontaires du service civique s’engagent pendant un an à vivre leur vie quotidienne avec des adultes en situation de handicap mental ; ils apportent et découvrent pour eux-mêmes une valeur ajoutée relationnelle très riche. |
| 690 ## - LOCAL SUBJECT ADDED ENTRY--TOPICAL TERM (OCLC, RLIN) | |
| Topical term or geographic name as entry element | assistants |
| 690 ## - LOCAL SUBJECT ADDED ENTRY--TOPICAL TERM (OCLC, RLIN) | |
| Topical term or geographic name as entry element | communauté |
| 690 ## - LOCAL SUBJECT ADDED ENTRY--TOPICAL TERM (OCLC, RLIN) | |
| Topical term or geographic name as entry element | jeunes non professionnels |
| 690 ## - LOCAL SUBJECT ADDED ENTRY--TOPICAL TERM (OCLC, RLIN) | |
| Topical term or geographic name as entry element | relations réciproques |
| 690 ## - LOCAL SUBJECT ADDED ENTRY--TOPICAL TERM (OCLC, RLIN) | |
| Topical term or geographic name as entry element | vivre ensemble |
| 786 0# - DATA SOURCE ENTRY | |
| Note | Empan | 94 | 2 | 2014-06-01 | p. 89-95 | 1152-3336 |
| 856 41 - ELECTRONIC LOCATION AND ACCESS | |
| Uniform Resource Identifier | <a href="https://shs.cairn.info/revue-empan-2014-2-page-89?lang=fr&redirect-ssocas=7080">https://shs.cairn.info/revue-empan-2014-2-page-89?lang=fr&redirect-ssocas=7080</a> |
Pas d'exemplaire disponible.




Réseaux sociaux